000 01020nam a2200217Ia 4500
999 _c45464
_d45464
001 12289
003 GE_BSU
005 20240626163542.0
008 181216s2009||||ge |||||||||||||| ||geo||
040 _cGE_BSU
041 _ageo
080 _a811.353.1(061)+821(4) ფ-55
245 _aფილოლოგიური პარალელები :
_bსამეცნიერო შრომების კრებული N1 /
_cრედ. : თეიმურაზ გვანცელაძე, მერაბ ნაჭყებია.
264 _aთბილისი :
_bუნივერსალი,
_c2009.
300 _a183 გვ. ;
_c20 სმ.
520 _aრეზიუმე გვ. :182
653 _aფილოლოგიური პარალელები
700 _aგვანცელაძე, თეიმურაზ
_eრედაქტორი
_9291
700 _aნაჭყებია, მერაბ
_eრედაქტორი
_9292
942 _cBK
_2udc